000 00538nam a2200181Ia 4500
005 20260415160317.0
008 008 250505s9999 xx 000 0 eng d
037 _aTextual
040 _aFEDL
_beng
_cFEDL
041 _aeng
_2eng
084 _a330.954 JAT
_qFEDL
100 _aJathar G.B.
245 0 _aIndian economics : A comprehensive and critical survey
260 _aAmen House, London
_bOxford University Press
650 _aEconomics
942 _cTEXL
_h330.954 JAT
999 _c1321526
_d1321526